History Quiz

Random History or Clickable Quiz

American Revolution Fun Quiz Stats

 Plays Quiz not verified by Sporcle

Score 0/15 Timer 10:00
0 Plays Today
% Correct
51 delegates from the 13 colonies
89.5%
Philadelphia
86.2%
Great Britain
85.7%
George Washington
84.9%
Thomas Jefferson
83.2%
To raise revenue to help pay for the salaries of governors and judges so they could be independent of colonial rule.
77.3%
Lexington and Concord
77%
July 4, 1776
73.2%
% Correct
It put tax on all paper documents in the colonies
73.2%
July 2, 1776
64.9%
The newly enforced tea acts
63%
April 19, 1775
61.9%
1773
56.2%
1766
52.7%
It was the first direct tax on the american people
40.8%

You're not logged in!

Compare scores with friends on all Sporcle quizzes.
OR
Log In

Sporcle TV

Today on Sporcle TV


Watch our educational content, quiz creation guides, and fun videos on Sporcle TV.

Show Comments

Extras

Top Quizzes Today


Score Distribution

Your Account Isn't Verified!

In order to create a playlist on Sporcle, you need to verify the email address you used during registration. Go to your Sporcle Settings to finish the process.

Report this User

Report this user for behavior that violates our Community Guidelines.

Details: